[Event "Alcorcon Diagonal op 2nd"]
[Site "Alcorcon"]
[Date "2023.12.27"]
[Round "3"]
[White "Otazu Casanes, Abel"]
[Black "Cros Garcia, Marc"]
[Result "0-1"]
[WhiteElo "1433"]
[BlackElo "1872"]
[PlyCount "66"]
[EventDate "2023.12.26"]
[EventType "swiss"]
[EventRounds "9"]
[EventCountry "ESP"]
[SourceTitle "CB01_2024"]
[SourceDate "2024.01.03"]
[SourceVersion "1"]
[SourceVersionDate "2024.01.03"]
[SourceQuality "1"]

1. e4 e5 2. Bc4 Nc6 3. Nc3 Nf6 4. d3 Bc5 5. f4 a6 6. a3 d6 7. Nf3 b5 8. Ba2 Bg4 9. Nd5 Nd4 10. f5 Nxd5 11. Bxd5 Bxf3 12. gxf3 Qh4+ 13. Kd2 c6 14. Ba2 Qf2+ 15. Kc3 a5 16. b4 Ne2+ 17. Kb3 a4+ 18. Kb2 Bd4+ 19. c3 Nxc3+ 20. Qc2 Nxa2+ 21. Kb1 Nc3+ 22. Kb2 Nxe4+ 23. Kb1 Nc3+ 24. Kb2 Na2+ 25. Kb1 Qxc2+ 26. Kxc2 Bxa1 27. Bb2 Bxb2 28. Kxb2 Nxb4 29. axb4 a3+ 30. Ka2 Ke7 31. Rg1 g6 32. fxg6 hxg6 33. Rg2 Rh4 0-1

[Event "Alcorcon Diagonal op 2nd"]
[Site "Alcorcon"]
[Date "2023.12.26"]
[Round "2"]
[White "Cros Garcia, Marc"]
[Black "Renteria Becerra, Jorge Elicer"]
[Result "0-1"]
[WhiteElo "1872"]
[BlackElo "2248"]
[PlyCount "202"]
[EventDate "2023.12.26"]
[EventType "swiss"]
[EventRounds "9"]
[EventCountry "ESP"]
[SourceTitle "CB01_2024"]
[SourceDate "2024.01.03"]
[SourceVersion "1"]
[SourceVersionDate "2024.01.03"]
[SourceQuality "1"]

1. e4 c5 2. Nf3 d6 3. Bb5+ Nd7 4. a4 Ngf6 5. Nc3 a6 6. Be2 e6 7. a5 Be7 8. 0-0 0-0 9. d3 Qc7 10. Re1 Nb8 11. d4 cxd4 12. Nxd4 Bd7 13. Be3 Nc6 14. Nb3 Ne5 15. Bb6 Qc8 16. Qd4 Bc6 17. Bf1 Ned7 18. Na4 Bxa4 19. Qxa4 Nxb6 20. axb6 Nd7 21. Qb4 Qd8 22. Na5 Rb8 23. Red1 Qxb6 24. Qd2 Qxb2 25. Rab1 Qe5 26. Rxb7 Rxb7 27. Nxb7 Nf6 28. Qd4 Qxe4 29. Qxe4 Nxe4 30. Bxa6 d5 31. Bd3 Nc3 32. Ra1 Rb8 33. Na5 Bf6 34. Nc6 Rc8 35. Ra3 Kf8 36. Nb4 Be7 37. Rb3 Bxb4 38. Rxb4 g6 39. f3 Ra8 40. g4 h6 41. Kg2 g5 42. Kg3 Kg7 43. h4 Ra7 44. h5 e5 45. Rb3 Rc7 46. Rb4 Ra7 47. Rb3 d4 48. Kg2 Rc7 49. Rb2 Nd5 50. Be4 Ne3+ 51. Kg3 Rc3 52. Ra2 Nc4 53. Kf2 Ra3 54. Rxa3 Nxa3 55. Bd3 Kf6 56. Ke2 Ke6 57. Kd1 Kd5 58. Kc1 Nc4 59. Be4+ Kc5 60. Kd1 Kb4 61. Ke2 Kc3 62. Kd1 f6 63. Kc1 Ne3 64. Bd3 Nd5 65. Be4 Nb4 66. Kd1 d3 67. cxd3 Nxd3 68. Ke2 Nc5 69. Bf5 Kd4 70. Bg6 Na4 71. Bf5 Nc3+ 72. Kf2 e4 73. fxe4 Nxe4+ 74. Kf3 Nd6 75. Bd7 Nc4 76. Be6 Ne5+ 77. Kg3 Ke3 78. Bf5 Nc4 79. Be6 Nd2 80. Bf5 Ne4+ 81. Kg2 Kf4 82. Be6 Ng3 83. Bd7 f5 84. gxf5 Nxh5 85. Bc8 Nf6 86. Be6 g4 87. Bc8 h5 88. Be6 h4 89. Bc8 Kg5 90. Be6 Nh5 91. Bd7 h3+ 92. Kh2 Kh4 93. Bc6 Nf6 94. Bb7 g3+ 95. Kg1 Kg5 96. Bc6 Kxf5 97. Bb7 Kf4 98. Bc6 Ng4 99. Bd7 h2+ 100. Kh1 Nf2+ 101. Kg2 Ng4 0-1

[Event "Vic Primavera op 1st"]
[Site "Vic"]
[Date "2022.05.06"]
[Round "3"]
[White "Cros Garcia, Marc"]
[Black "Lopez Escribano, Ricardo"]
[Result "0-1"]
[WhiteElo "1813"]
[BlackElo "1489"]
[PlyCount "80"]
[EventDate "2022.04.22"]
[EventType "swiss"]
[EventRounds "8"]
[EventCountry "ESP"]
[SourceTitle "EXT 2023"]
[Source "ChessBase"]
[SourceDate "2022.10.05"]
[SourceVersion "1"]
[SourceVersionDate "2022.10.05"]
[SourceQuality "1"]

1. e4 e5 2. Nf3 Nc6 3. Bc4 Nf6 4. d3 Be7 5. 0-0 0-0 6. Re1 d6 7. a4 Bg4 8. h3 Bh5 9. Be3 d5 10. exd5 Nxd5 11. Nbd2 Nxe3 12. fxe3 Kh8 13. Ne4 f5 14. Ng3 Bg6 15. e4 Bc5+ 16. Kh2 f4 17. Nf5 Qf6 18. Qe2 Bh5 19. c3 a5 20. Rad1 Bxf3 21. Qxf3 g6 22. Nh6 Qh4 23. d4 exd4 24. Nf7+ Rxf7 25. Bxf7 Ne5 26. Qf1 Qg3+ 27. Kh1 Nxf7 28. cxd4 Bb4 29. Re2 Nd6 30. e5 Nf5 31. Qf2 Qb3 32. Rc2 Ne3 33. Rdc1 Nxc2 34. Rxc2 Qe3 35. Qh4 Qe1+ 36. Qxe1 Bxe1 37. Rxc7 Rd8 38. e6 b6 39. Kg1 Bb4 40. Rd7 Rxd7 0-1

[Event "Santa Susanna op 15th"]
[Site "Santa Susanna"]
[Date "2021.08.04"]
[Round "5"]
[White "Cros Garcia, Marc"]
[Black "Farre I Benseny, Miquel"]
[Result "1/2-1/2"]
[WhiteElo "1795"]
[BlackElo "1944"]
[PlyCount "73"]
[EventDate "2021.08.02"]
[EventType "swiss"]
[EventRounds "9"]
[EventCountry "ESP"]
[SourceTitle "EXT 2022"]
[Source "ChessBase"]
[SourceDate "2021.10.06"]
[SourceVersion "1"]
[SourceVersionDate "2021.10.06"]
[SourceQuality "1"]

1. e4 e5 2. Nf3 Nc6 3. Bc4 Nf6 4. d3 Be7 5. 0-0 0-0 6. Re1 d6 7. a4 Kh8 8. a5 a6 9. c3 Ng8 10. Qb3 Qe8 11. Bg5 f5 12. Bxe7 Qxe7 13. exf5 Nd8 14. d4 e4 15. Bxg8 Rxg8 16. Qd5 Qf6 17. Rxe4 c6 18. Qb3 Bxf5 19. Re3 Be6 20. Qc2 g5 21. Nfd2 Bf5 22. Ne4 Qg6 23. Qe2 Ne6 24. Nbd2 Nf4 25. Qf3 h5 26. Ng3 Bh3 27. gxh3 h4 28. Ne2 Raf8 29. Qg4 Nd5 30. Re6 Nf6 31. Rxd6 Qd3 32. Rxf6 Rxf6 33. Ne4 Rf7 34. Qe6 Qxe2 35. Qh6+ Rh7 36. Qf6+ Rhg7 37. Qh6+ 1/2-1/2

[Event "Santa Susanna op 15th"]
[Site "Santa Susanna"]
[Date "2021.08.02"]
[Round "2"]
[White "Molina Carretero, Daniel"]
[Black "Cros Garcia, Marc"]
[Result "1-0"]
[WhiteElo "2185"]
[BlackElo "1795"]
[PlyCount "127"]
[EventDate "2021.08.02"]
[EventType "swiss"]
[EventRounds "9"]
[EventCountry "ESP"]
[SourceTitle "EXT 2022"]
[Source "ChessBase"]
[SourceDate "2021.10.06"]
[SourceVersion "1"]
[SourceVersionDate "2021.10.06"]
[SourceQuality "1"]

1. c4 e6 2. Nf3 d5 3. b3 c5 4. g3 Nc6 5. Bg2 Nf6 6. 0-0 Be7 7. Bb2 0-0 8. e3 dxc4 9. bxc4 Qb6 10. Qc1 Rd8 11. Rd1 Bd7 12. Nc3 Rab8 13. Rb1 Qc7 14. d3 a6 15. Ba1 Na7 16. Qa3 b5 17. Qxa6 Bc8 18. Qa3 b4 19. Qb2 Bd7 20. Ne2 Ba4 21. Rd2 Nc8 22. a3 Nd6 23. axb4 Rxb4 24. Qc1 Rxb1 25. Qxb1 Bc6 26. Bc3 Nd7 27. Rb2 f6 28. Nf4 Kf7 29. Nd2 Bxg2 30. Kxg2 Qc6+ 31. Kg1 Ra8 32. Qd1 g6 33. Qf3 Qxf3 34. Nxf3 Ra3 35. Ne2 e5 36. Nd2 Ke6 37. f3 f5 38. Kf2 Bd8 39. e4 Kf6 40. Nf1 Ke6 41. Ne3 Nf6 42. Rc2 Bc7 43. Nd5 Nxd5 44. cxd5+ Kf6 45. f4 Nf7 46. d4 cxd4 47. Bxd4 exd4 48. Rxc7 fxe4 49. Nxd4 Rd3 50. Rc6+ Ke7 51. Re6+ Kd7 52. Rxe4 Rd2+ 53. Ke3 Rxh2 54. Nf3 Ra2 55. Ne5+ Nxe5 56. fxe5 Ra3+ 57. Kf4 Rd3 58. e6+ Ke8 59. Ke5 Rxg3 60. Ra4 Re3+ 61. Kd6 Kf8 62. Ra8+ Kg7 63. e7 Kf7 64. Rf8+ 1-0

[Event "Catalunya-chT Gp2"]
[Site "Barcelona"]
[Date "2019.03.02"]
[Round "7.10"]
[White "Cano Sevila, Ivan"]
[Black "Cros Garcia, Marc"]
[Result "1-0"]
[WhiteElo "1950"]
[BlackElo "1909"]
[PlyCount "45"]
[EventDate "2019.01.19"]
[EventType "team-tourn"]
[EventRounds "7"]
[EventCountry "ESP"]
[SourceTitle "CBM 189 Extra"]
[Source "ChessBase"]
[SourceDate "2019.06.03"]
[SourceVersion "1"]
[SourceVersionDate "2019.06.03"]
[SourceQuality "1"]
[WhiteTeam "Barcelona Escacs CC"]
[BlackTeam "Olot"]
[WhiteTeamCountry "ESP"]
[BlackTeamCountry "ESP"]

1. d4 d5 2. Bf4 Nf6 3. e3 e6 4. Nf3 Bd6 5. Bg3 c5 6. c3 0-0 7. Bd3 Nc6 8. Nbd2 Re8 9. Ne5 Ne7 10. f4 Nf5 11. Bf2 Nd7 12. Qh5 g6 13. Qh3 Bf8 14. g4 Nd6 15. Rg1 Bg7 16. Qg2 c4 17. Bc2 b5 18. a4 Nb6 19. axb5 Nxb5 20. Ke2 f5 21. gxf5 exf5 22. h4 Nd7 23. Qxd5+ 1-0

[Event "Girona-ch"]
[Site "Banyoles"]
[Date "2018.11.04"]
[Round "5"]
[White "Mendez Camarasa, Fernando"]
[Black "Cros Garcia, Marc"]
[Result "1-0"]
[WhiteElo "2244"]
[BlackElo "1928"]
[PlyCount "59"]
[EventDate "2018.09.30"]
[EventType "swiss"]
[EventRounds "9"]
[EventCountry "ESP"]
[SourceTitle "CBM 187 Extra"]
[Source "ChessBase"]
[SourceDate "2018.11.04"]
[SourceVersion "1"]
[SourceVersionDate "2018.11.04"]
[SourceQuality "1"]

1. Nf3 d5 2. c4 e6 3. b3 Nf6 4. Bb2 Be7 5. g3 c5 6. Bg2 Nc6 7. 0-0 0-0 8. e3 dxc4 9. bxc4 Qb6 10. Qb3 Na5 11. Qxb6 axb6 12. Rc1 Rd8 13. d4 Ne8 14. Nbd2 Nd6 15. Bf1 Bf6 16. g4 h6 17. h3 Nc6 18. Nb3 Ra4 19. a3 Na5 20. Nxa5 Rxa5 21. Ne5 Ne4 22. Rd1 Kf8 23. f3 Nd6 24. f4 Bd7 25. dxc5 Bxe5 26. Bxe5 Ne8 27. cxb6 Rc5 28. Bc3 Rcc8 29. Bb4+ Kg8 30. Be7 1-0

[Event "Santa Eugenia op 12th"]
[Site "Santa Eugenia"]
[Date "2017.07.31"]
[Round "2"]
[White "Diaz Comas, Jordi"]
[Black "Cros Garcia, Marc"]
[Result "1-0"]
[WhiteElo "1884"]
[BlackElo "1528"]
[PlyCount "115"]
[EventDate "2017.07.31"]
[EventType "swiss"]
[EventRounds "9"]
[EventCountry "ESP"]
[SourceTitle "CBM 179 Extra"]
[Source "ChessBase"]
[SourceDate "2017.08.23"]
[SourceVersion "1"]
[SourceVersionDate "2017.08.23"]
[SourceQuality "1"]

1. e4 e5 2. Bc4 Nc6 3. a3 Nf6 4. d3 d5 5. exd5 Nxd5 6. Ne2 Bc5 7. b4 Bb6 8. 0-0 0-0 9. Bxd5 Qxd5 10. c4 Qd6 11. c5 Bxc5 12. bxc5 Qxc5 13. Be3 Qe7 14. Qb3 Qf6 15. Nbc3 b6 16. Ne4 Qg6 17. Rfd1 Be6 18. Qc2 Bd5 19. N2c3 Be6 20. Ng5 Bf5 21. Nd5 Rae8 22. Nxc7 Rc8 23. Nd5 Rfe8 24. Rac1 Kf8 25. Qc4 h6 26. Ne4 Bg4 27. Rf1 f5 28. f3 Bh3 29. Qa2 f4 30. Bxf4 Be6 31. Be3 Red8 32. Nec3 Qf7 33. f4 Kg8 34. fxe5 Qd7 35. d4 Bxd5 36. Nxd5 Qxd5 37. Qxd5+ Rxd5 38. Rc3 Ne7 39. Rxc8+ Nxc8 40. Rc1 Ne7 41. Rc7 Nf5 42. Kf2 Ra5 43. Rc3 Kf7 44. Kf3 Ke6 45. Ke4 Nxe3 46. Rxe3 Ra4 47. Rg3 g5 48. Rf3 h5 49. h3 g4 50. hxg4 hxg4 51. Rd3 Rc4 52. Kf4 b5 53. Kxg4 b4 54. axb4 Rxb4 55. Kf4 a5 56. Ke4 Rb1 57. d5+ Ke7 58. d6+ 1-0

[Event "Catalunya-ch Previa"]
[Site "Girona"]
[Date "2016.01.23"]
[Round "3.7"]
[White "Gonzalez Vila, Arnau"]
[Black "Cros Garcia, Marc"]
[Result "0-1"]
[WhiteElo "1705"]
[BlackElo "1769"]
[PlyCount "66"]
[EventDate "2016.01.16"]
[EventType "swiss"]
[EventRounds "5"]
[EventCountry "ESP"]
[SourceTitle "EXT 2024"]
[Source "ChessBase"]
[SourceDate "2023.10.10"]
[SourceVersion "1"]
[SourceVersionDate "2023.10.10"]
[SourceQuality "1"]

1. e4 e5 2. Nf3 Nc6 3. Bb5 a6 4. Ba4 Nf6 5. d3 h6 6. 0-0 b5 7. Bb3 Bc5 8. Re1 d6 9. Nc3 Bg4 10. Nd5 Nd4 11. Be3 Nxf3+ 12. gxf3 Bh3 13. f4 c6 14. Nxf6+ Qxf6 15. Qh5 Bxe3 16. Rxe3 Be6 17. fxe5 Qxe5 18. Qxe5 dxe5 19. Bxe6 fxe6 20. Rf3 Ke7 21. Rg3 g5 22. b4 Rac8 23. c4 bxc4 24. dxc4 Rcd8 25. Rc3 Rd4 26. Ra3 Rxe4 27. Rxa6 Rxc4 28. a3 Rd8 29. Rb6 Ra8 30. Kg2 Kd7 31. b5 Kc7 32. Rxc6+ Rxc6 33. bxc6 Kxc6 0-1

[Event "Catalunya-ch Previa"]
[Site "Girona"]
[Date "2016.01.16"]
[Round "1.3"]
[White "Arribas Viera, David"]
[Black "Cros Garcia, Marc"]
[Result "1/2-1/2"]
[WhiteElo "1932"]
[BlackElo "1769"]
[PlyCount "77"]
[EventDate "2016.01.16"]
[EventType "swiss"]
[EventRounds "5"]
[EventCountry "ESP"]
[SourceTitle "EXT 2024"]
[Source "ChessBase"]
[SourceDate "2023.10.10"]
[SourceVersion "1"]
[SourceVersionDate "2023.10.10"]
[SourceQuality "1"]

1. d4 d5 2. Nf3 e6 3. Bf4 c5 4. e3 Nc6 5. c3 a6 6. Nbd2 Nf6 7. h3 c4 8. Be2 Bd6 9. Ne5 0-0 10. 0-0 Qc7 11. Ndf3 Nd7 12. Nxc6 Qxc6 13. Bxd6 Qxd6 14. b3 b5 15. a4 Bb7 16. b4 e5 17. dxe5 Nxe5 18. Nd4 Bc6 19. axb5 axb5 20. Qd2 Rfc8 21. Rfd1 Qd7 22. Nxc6 Rxa1 23. Nxe5 Rxd1+ 24. Qxd1 Qe6 25. Nf3 Ra8 26. Nd4 Qb6 27. Bf3 Ra3 28. Qc1 Qa6 29. Kh2 Ra2 30. Nc2 Qg6 31. Bd1 Qf6 32. Qd2 Qf5 33. Kg1 Qd3 34. Qe1 Rb2 35. Na3 Ra2 36. Bc2 Rxc2 37. Nxc2 Qxc2 38. Qa1 Qa4 39. Qb2 1/2-1/2